Nenne ein gültiges deutsches Bundesland - Statistiken

Allgemein
  • Dieses Quiz wurde 11.477 mal gespielt
  • Das Durchschnittsergebnis liegt bei 15 aus 18
Antwortstatistiken
Nenne ein deutsches Bundesland... Bundesländer % Korrekt
das ein Stadtstaat ist Berlin | Bremen | Hamburg
100%
das an Frankreich grenzt Baden-Württemberg | Rheinland-Pfalz | Saarland
97%
in dem es Berge mit einer Höhe vonüber 1000m gibt Baden-Württemberg | Bayern | Sachsen |Sachsen-Anhalt
96%
das vollständig zur DDR gehörte Brandenburg | Mecklenburg-Vorpommern |Sachsen | Sachsen-Anhalt | Thüringen
96%
das nicht auf n oder g endet Rheinland-Pfalz | Saarland | Sachsen-Anhalt
95%
das an der Nordsee liegt Bremen | Hamburg | Niedersachsen |Schleswig-Holstein
94%
dessen Hauptstadt nicht die größte Stadt ist Hessen | Mecklenburg-Vorpommern |Nordrhein-Westfalen | Sachsen
92%
durch das der Main fließt Baden-Württemberg | Bayern | Hessen
90%
das an keine anderen Staaten grenzt Berlin | Bremen | Hamburg |Hessen | Sachsen-Anhalt | Thüringen
86%
in dem es eine Stadt namensFrankfurt gibt Brandenburg | Hessen
85%
dessen Flagge grün beinhaltet Nordrhein-Westfalen | Sachsen | Sachsen-Anhalt
85%
dessen Hauptstadt mit M beginnt Bayern | Rheinland-Pfalz | Sachsen-Anhalt
84%
in dem ein See von einer Fläche über100 km² liegt (oder an einen grenzt) Baden-Württemberg | Bayern | Mecklenburg-Vorpommern
82%
in dem mehr als 5 Großstädte liegen Baden-Württemberg | Bayern | Niedersachsen | Nordrhein-Westfalen
76%
dessen Hauptstadt an die einesanderen Bundeslandes grenzt Berlin | Brandenburg | Hessen | Rheinland-Pfalz
70%
über das sich der Harz erstreckt Niedersachsen | Sachsen-Anhalt |Thüringen
68%
das zumindest an die Hälfte der anderen Bundesländer grenzt Niedersachsen
62%
mit mehr als 40% Waldanteil Hessen | Rheinland-Pfalz
47%
Keine übereinstimmenden Quizze gefunden
Verteilung der Resultate
Anzahl Personen mit jedem Resultat
Perzentil nach korrekt beantworteten Fragen
Ihre Resultats-Entwicklung
Sie haben dieses Quiz noch nicht gespielt